000 00539nam a22001937a 4500
003 KOHA_MİRAKIL
005 20251117145324.0
008 251117b tu ||||| |||| 00| 0 tur d
020 _a9786257124850
040 _aTR-AnABB
_btur
_cTR-AnABB
041 _atur
082 _a813.42
_bAND 2021
100 1 _aAndaç, Feridun,
245 1 0 _aKaplıcada son yaz /
_cFeridun Andaç
260 _aİstanbul :
_bEksik Parça Yayınları,
_c2021
300 _a405 sayfa ;
_c21 cm
650 0 4 _aTürk edebiyatı, roman
942 _2ddc
_cBK
999 _c9483
_d9483
900 _bGizem YORULMAZ